| 000 | 01773nam a2200517 i 4500 | ||
|---|---|---|---|
| 001 | 37514 | ||
| 003 | KOSZ 005 | ||
| 005 | 20200910122641.0 | ||
| 008 | 980521s1997 pl a f |000 0 pol | ||
| 015 | _aUWD 1998/5756 | ||
| 020 | _a8387012874 | ||
| 035 | _a991003605299705066 | ||
| 035 | _a(PL-WaBN)b10965397-48omnis_nlop | ||
| 035 | _ab10965397 | ||
| 035 | _a(OCoLC)749585774 | ||
| 035 | _a(PL)b0000001096539 | ||
| 035 | _a(EXLNZ-48OMNIS_NETWORK)9910365251205606 | ||
| 040 |
_aWA N _cWA N _dKOSZ 005/HR |
||
| 046 | _k1997 | ||
| 080 | _a621.01 | ||
| 080 | _a620.17 | ||
| 080 | _a519.61/.64 | ||
| 080 | _a(075.8) | ||
| 100 | 1 |
_aOsiński, Jerzy _d(1951-2016) _eAutor |
|
| 245 | 1 | 0 |
_aObliczenia wytrzymałościowe elementów maszyn z zastosowaniem metody elementów skończonych / _cJerzy Osiński. |
| 260 |
_aWarszawa : _bOficyna Wydawnicza Politechniki Warszawskiej, _c1997. |
||
| 300 |
_a88, [1] s. : _brys., wykr. ; _c24 cm. |
||
| 336 |
_aTekst _btxt _2rdacontent |
||
| 337 |
_aBez urządzenia pośredniczącego _bn _2rdamedia |
||
| 338 |
_aWolumin _bnc _2rdacarrier |
||
| 380 | _aKsiążki | ||
| 380 | _aPublikacje dydaktyczne | ||
| 385 |
_mPoziom nauczania _aSzkoły wyższe |
||
| 388 | _a1901-2000 | ||
| 388 | _a1989-2000 | ||
| 504 | _aBibliogr. s. 88-[89]. | ||
| 650 | 7 |
_aMaszyny _2DBN |
|
| 650 | 7 |
_aMetoda elementów skończonych _2DBN |
|
| 650 | 7 |
_aWytrzymałość materiałów _2DBN |
|
| 655 | 7 |
_aPodręczniki akademickie _2DBN |
|
| 658 | _aInżynieria i technika | ||
| 710 | 2 |
_aOficyna Wydawnicza Politechniki Warszawskiej _4pbl |
|
| 856 |
_uhttp://koha.tu.koszalin.pl/cgi-bin/koha/opac-detail.pl?biblionumber=37514 _yKatalog online BPK |
||
| 942 |
_2UKD _cKS |
||
| 999 |
_c37514 _d37514 |
||